|
|
|
|
| LEADER |
01504nam a22004214a 4500 |
| 001 |
EBC178064 |
| 003 |
MiAaPQ |
| 005 |
20200520144314.0 |
| 006 |
m o d | |
| 007 |
cr cn||||||||| |
| 008 |
040713s2005 enk sb 001 0 eng |
| 010 |
|
|
|z 2004016260
|
| 016 |
7 |
|
|z 013033128
|2 Uk
|
| 020 |
|
|
|z 0415346126 (hbk.)
|
| 035 |
|
|
|a (MiAaPQ)EBC178064
|
| 035 |
|
|
|a (Au-PeEL)EBL178064
|
| 035 |
|
|
|a (CaPaEBR)ebr10094853
|
| 035 |
|
|
|a (CaONFJC)MIL14184
|
| 035 |
|
|
|a (OCoLC)437079662
|
| 040 |
|
|
|a MiAaPQ
|c MiAaPQ
|d MiAaPQ
|
| 043 |
|
|
|a ae-----
|
| 050 |
|
4 |
|a HC460.5
|b .A5743 2005
|
| 082 |
0 |
4 |
|a 330.95
|2 22
|
| 245 |
0 |
0 |
|a Asian states
|h [electronic resource] :
|b beyond the developmental perspective /
|c edited by Richard Boyd and Tak-Wing Ngo.
|
| 260 |
|
|
|a London ;
|a New York :
|b RoutledgeCurzon,
|c 2005.
|
| 300 |
|
|
|a xv, 224 p.
|
| 490 |
1 |
|
|a Politics in Asia series
|
| 504 |
|
|
|a Includes bibliographical references (p. [199]-218) and index.
|
| 533 |
|
|
|a Electronic reproduction. Ann Arbor, MI : ProQuest, 2015. Available via World Wide Web. Access may be limited to ProQuest affiliated libraries.
|
| 650 |
|
0 |
|a State, The.
|
| 651 |
|
0 |
|a East Asia
|x Economic policy.
|
| 651 |
|
0 |
|a East Asia
|x Economic conditions.
|
| 655 |
|
4 |
|a Electronic books.
|
| 700 |
1 |
|
|a Boyd, Richard.
|
| 700 |
1 |
|
|a Ngo, Tak-Wing,
|d 1962-
|
| 710 |
2 |
|
|a ProQuest (Firm)
|
| 830 |
|
0 |
|a Politics in Asia series.
|
| 856 |
4 |
0 |
|u https://ebookcentral.proquest.com/lib/matrademy/detail.action?docID=178064
|z Click to View
|